Estatísticas para Os 15 principais países com mortes por Covid19 - 15 de junho

Clique aqui para jogar o quiz

Estatísticas Gerais

  • Esse quiz foi jogado 4 vezes
  • A pontuação média é 15 de 20

Estatísticas das Respostas

país% Correto
Brasil
100%
Chile
100%
Espanha
100%
Estados Unidos
100%
Índia
100%
Itália
100%
México
100%
Reino Unido
100%
Bélgica
75%
Canadá
75%
França
75%
Rússia
75%
Suíça
75%
Alemanha
50%
Irão
50%
Países Baixos
50%
Peru
50%
Suécia
50%
Equador
25%
Irlanda
0%

Distribuição das Pontuações

Percentil de Números Respondidos

Porcentagem de Pessoas com Cada Pontuação

Sua Pontuação Histórica

Você não jogou esse quiz